Carta de suelos de la República Argentina hoja 3560-1, General Arenales /

Guardado en:
Autor Corporativo: Instituto Nacional de Tecnología Agropecuaria (Argentina). Centro de Investigación de Recursos Naturales.
Formato: Mapa
Idioma:Undetermined
Publicado: Buenos Aires : INTA, 1974.
Materias:
Etiquetas: Agregar Etiqueta
Sin Etiquetas, Sea el primero en etiquetar este registro!
LEADER 00970nem a22001695a 4500
001 EEA.libagro010179
005 20190510112301.0
008 141015s1974####ag########a#####1###und#d
082 0 4 |a 631.4782 
110 2 |a Instituto Nacional de Tecnología Agropecuaria (Argentina).  |b Centro de Investigación de Recursos Naturales. 
245 1 0 |a Carta de suelos de la República Argentina  |h [material cartográfico] :  |b hoja 3560-1, General Arenales /  |c Instituto Nacional de Tecnología Agropecuaria, [Centro de Investigación de Recursos Naturales, Unidad de Reconocimiento de Suelos]. 
255 |a Escala 1:50.000 
260 |a Buenos Aires :  |b INTA,  |c 1974. 
300 |a 103 p. :  |b il. ;  |c 28 cm. +  |e 4 fotocartas pleg. en sobre y 1 h. guía de unidades cartográficas. 
505 0 |a Hoja 3560-1-1 Estación Teodolina -- Hoja 3560-1-2 Ferré -- Hoja 3560-1-3 General Arenales -- Hoja 3560-1-4 Ascensión. 
651 7 |a Argentina 
859 |a AR-BbBCA  |b BIB. AGRONOMIA  |h 631.4782  |i A691 3560-1  |p 1988/1116